00695nam a22002057a 450000500170000001000150001702000260003203500140005803700090007208200080008110000260008924500760011525000060019126000380019727000530023530000200028894200220030899900190033095201400034920250617124441.0 aENG-145426 a9789392066351c795.00 aEN-128958 bDBAD a921 aAggarwal, Amit982125 aRATAN TATA:bThe Visionary Who Redefined India Business/cAmit Aggarwal a1 c2025bRaj Publication aNew Delhi a108, 4855/24, Ansari Road, Daryaganj bNew Delhi a232p.c22cm(hb) 2ddccENmAGGh921 c211863d211863 001040708NFICaZLSbZLSd2025-06-17eDBADg795.00l1oAGG 921pEN-128958r2026-05-06 11:07:16s2026-04-23t1v795.00w2025-06-17yEN